| 000 | 00473nam a2200169Ia 4500 | ||
|---|---|---|---|
| 003 | GCL | ||
| 008 | 140319s9999 xx 000 0 eng d | ||
| 040 |
_aGCL / _cGCL |
||
| 082 | 0 | 4 |
_a361.3 _bP M |
| 100 | 1 | _aPAYNE, MALCOLM | |
| 245 | 1 | 0 |
_aMODERN SOCIAL WORK THEORY: A CRITICAL INTRODUCTION / _cPAYNE, MALCOLM |
| 260 |
_a[S.N] : _bMac Millan Press ، _c1994 |
||
| 300 | _a285 P | ||
| 650 | 0 | 4 | _aالحضارة الفرعونية |
| 650 | 0 | 4 | _aSOCIAL WORK |
| 942 |
_2ddc _cBK |
||
| 999 |
_c10490 _d10490 |
||